000
00212nam a22000857a 4500
008
161217b xxu||||| |||| 00| 0 eng d
100
_9
2104
_a
Om HAri Et Al
245
_a
Social Science
260
_a
New Delhi
_b
NCERT
_c
2003
999
_c
4987
_d
4987